Descartes (Registo nº 7215)

Detalhes MARC
000 -Etiqueta do registo
Valores 00474nam a22001811i 4500
090 ## -
-- 7215
100 ## - Dados gerais de processamento
Dados gerais 20170304u u u0frey50 ba
101 0# - Língua de publicação
-- por
200 1# - Titulo e menção de responsabilidade
Primeira menção de responsabilidade Samuel S. De Sacy
Título próprio Descartes
210 ## - Publicação
Nome do editor Dom Quixote
Local de publicação Lisboa
Data de publicação 1988
215 ## - Descrição física 
Paginação / Volumes 209 p
Dimensões 18 cm
225 2# - Colecção 
Título próprio da colecção Mestres do passado
Indicação de volume 15
606 ## - Nome comum usado como assunto
ID Autoridade 1048
Palavra de ordem Filosofia
700 #1 - Autor principal (pessoa individual)
Apelido Sacy
Nome Samuel S. De
-- 070
701 #1 - Co-autor principal (pessoa individual)
Apelido Teixeira
Nome Luís Filipe de Brangança S.S.
-- 730
801 ## - Fonte de origem
País PT
Regras de catalogação RPC
990 ## - Elementos KOHA
Tipo de documento Livro
Exemplares
Situação do levantamento Estado Biblioteca de origem Biblioteca de empréstimo Código de barras Cota Permissão de empréstimo Tipo de documento
  Completo Biblioteca Municipal de Viana Do Alentejo Biblioteca Municipal de Viana Do Alentejo 0010402 1 SAC Disponível Livro




Powered by Koha